Word Ladder: How About Green Eggs & Ham? Quiz Stats

 Plays Quiz Updated Nov 19, 2019

Support Sporcle.
Go Orange.
Score 0/28 Timer 03:00
0 Plays Today
Hint Answer % Correct
Not thickTHIN
92.5%
Facebook choice◄LIKE►
91.4%
Nickel or pennyCOIN
90.6%
Not different◄SAM►E
90.1%
Anakin's sonLUKE
89.9%
Lemon alternativeLIME
89.6%
MaizeCORN
89.2%
Not wildTAME
89%
Mandible prominenceCHIN
84.3%
Space's partnerT◄I►ME
83.9%
Turns on a ____ (has good maneuverability)D◄I►ME
83.9%
Nick at ____NITE
83.7%
Winged Goddess of VictoryNIKE
82.5%
ArriveCOME
82.2%
Hint Answer % Correct
UntaintedPURE
82%
More than one or twoSOME
81.8%
Enticement (to take the bait)LURE
81.1%
Unable to walkL◄AM►E
80%
What melts in a China syndromeCORE
76.4%
If's partnerTHEN
75.3%
Capitol sight◄DO►ME
73.8%
SemesterTERM
71.4%
Remember for later use or observe something◄NOT►E
68.4%
Endpoint of the Iditarod dog sled raceNOME
66.5%
____ Noel (Father Christmas)PERE
64.8%
Certain coiffurePERM
61.1%
Movie about giant ants (!)◄THEM►
58.5%
Be abundant (with)TEEM
55.6%

Today's Daily Dose

You're not logged in!

Compare scores with friends on all Sporcle quizzes.
OR
Log In

From the Vault

Lively Letters Logic Puzzle II

by brez002

If there's one thing we love about letters, it's that you can use them for just about anything.
Remove Ads.
Support Sporcle.
Get the best of Sporcle when you Go Orange. This ad-free experience offers more features, more stats, and more fun while also helping to support Sporcle. Thank you for becoming a member.

Show Comments

Extras

Top Quizzes Today


Score Distribution

Your Account Isn't Verified!

In order to create a playlist on Sporcle, you need to verify the email address you used during registration. Go to your Sporcle Settings to finish the process.

Report this User

Report this user for behavior that violates our Community Guidelines.

Details: